000 00553pam a2200217 a 4500
020 _c
040 _aMedical College Lib.
041 _aENG
_hENG
082 _a616.075
_bTOD
100 _aTodd-Sanford , .
245 _aClinical Diagnosis and Management /
_c
_hTextual Documents
250 _a17th /
_b.
260 _a :
_bSaunders ,
_c1989.
300 _a700 ;
_c
365 _a295=00
653 _aPathology
_aMedical Science
700 _aDavidson , .
930 _a3787
999 _c3786
_d3786